000 00644nam a2200181Ia 4500
008 100920s9999 xx 000 0 und d
082 _b71229
_a24 थ 95
100 _aकुंडले सुरेखा.
245 _aरवींद्रनाथ टागोर.
260 _bइंडियन इन्स्टिट्यूट ऑफ एजुकेशन,पुणे.
_c1995
300 _a33
_bसाधी
365 _b18
520 _aसायो.
630 _aरवींद्रनाथ टागोर.
650 _aसायो.
730 _aरवींद्रनाथ टागोर.
942 _cBOOK
999 _c713149
_d713146